000 01263nam0a2200325 4500
001 RU\NLR\BIBL_A\011357537
005 20260406122810.0
010 _a9785926823360
_98000
021 _aRU
_b2017-16153
_91199
035 _a(RuMoRGB)008817961
035 _a(NLR Aleph) 011357537
090 _a11281703
_c11281703
100 _a20170403d2017 b y0rusy50 ca
101 0 _arus
102 _aRU
105 _aa z 000ay
200 1 _aКузяр-Бурундук и Инойка-Медведь :
_fВиталий Бианки
_gхудожник Кирилл Владимирович Овчинников
210 _aСанкт-Петербург
_cРечь
_d2017
215 _a15, [1] с.
_cцв. ил.
_d20
225 1 _aСерия "Любимая детская книжка"
333 _a0+
686 _aШ9(2)6=Р70-2
_2rubbk
686 0 _aШ9(2)60=Р7-2
700 1 _8rus
_7ca
_aБианки
_bВ. В.
_f1894-1959
_gВиталий Валентинович
_3RU\NLR\AUTH\77759
_9110799
702 1 _4040
_7ca
_8rus
_aОвчинников
_bК. В.
_cхудожник
_f1933-2009
_gКирилл Владимирович
_9179445
_3RU\NLR\AUTH\770179496
942 _cBOOK
980 _aNBR